[Event "NB2 Breyer csoport"]
[Site "Naszaly"]
[Date "2024.12.15"]
[Round "4.3"]
[White "Bereczki, Istvan"]
[Black "Sipos, Stefania"]
[Result "1-0"]
[WhiteElo "2027"]
[BlackElo "1897"]
[PlyCount "99"]
[GameId "2123682984874314"]
[EventDate "2024.11.03"]
[EventType "team-tourn"]
[EventRounds "9"]
[EventCountry "HUN"]
[Source "chess.hu"]
[WhiteTeam "Torokbalinti Sakk SE"]
[BlackTeam "Geniusz Tata-Naszaly"]
[WhiteTeamCountry "HUN"]
[BlackTeamCountry "HUN"]

1. d4 Nf6 2. Nf3 g6 3. Bf4 Bg7 4. h3 O-O 5. e3 d6 6. Be2 b6 7. O-O Bb7 8. c4 Ne4 9. Qc2 Nd7 10. Nc3 f5 11. Rfd1 Nxc3 12. Qxc3 Qe8 13. Qb3 e5 14. Bh2 Kh8 15. Rac1 e4 16. Ne1 g5 17. c5 dxc5 18. dxc5 Nxc5 19. Rxc5 bxc5 20. Qxb7 Qb8 21. Qxb8 Raxb8 22. b3 Rbd8 23. Bxc7 Rxd1 24. Bxd1 Bc3 25. Nc2 Rc8 26. Bg3 Rd8 27. Bh5 Rd2 28. Na3 Rxa2 29. Nb5 Bf6 30. Nd6 Rb2 31. Bf7 Kg7 32. Be6 Rb1+ 33. Kh2 h5 34. Nxf5+ Kg6 35. h4 gxh4 36. Nxh4+ Kg7 37. Nf5+ Kg6 38. Nd6 h4 39. Bf4 Bg5 40. Bxg5 Kxg5 41. Nxe4+ Kg6 42. Nxc5 Kf6 43. Bc4 Rb2 44. Nd3 Rb1 45. e4 Rd1 46. e5+ Ke7 47. e6 Kf6 48. Kh3 Rh1+ 49. Kg4 a5 50. Nf4 1-0

[Event "NB2 Breyer csoport"]
[Site "Naszaly"]
[Date "2024.12.15"]
[Round "4.4"]
[White "Kossela, Peter"]
[Black "Sallai, Kalman"]
[Result "1/2-1/2"]
[WhiteElo "2033"]
[BlackElo "1951"]
[PlyCount "109"]
[GameId "2123683020955994"]
[EventDate "2024.11.03"]
[EventType "team-tourn"]
[EventRounds "9"]
[EventCountry "HUN"]
[Source "chess.hu"]
[WhiteTeam "Geniusz Tata-Naszaly"]
[BlackTeam "Torokbalinti Sakk SE"]
[WhiteTeamCountry "HUN"]
[BlackTeamCountry "HUN"]

1. e4 c5 2. Nf3 e6 3. c4 Nc6 4. Nc3 Nf6 5. Be2 a6 6. O-O Be7 7. d4 cxd4 8. Nxd4 Qc7 9. Be3 d6 10. Rc1 Nxd4 11. Qxd4 O-O 12. Na4 Bd7 13. Nb6 Rad8 14. Nxd7 Rxd7 15. f4 Rc8 16. Bf3 Qa5 17. a3 Rdc7 18. Rc3 Qa4 19. Rfc1 h6 20. b4 Qe8 21. Qd2 Nd7 22. Bd1 Nf6 23. Qd3 d5 24. e5 dxc4 25. Rxc4 Rd8 26. Bd4 Rxc4 27. Qxc4 Nd5 28. Bf2 Rd7 29. Qc8 Qxc8 30. Rxc8+ Rd8 31. Rxd8+ Bxd8 32. g3 f6 33. Bd4 g5 34. exf6 gxf4 35. Bg4 Kf7 36. Bh5+ Kg8 37. f7+ Kf8 38. Kg2 fxg3 39. hxg3 Bf6 40. Bc5+ Be7 41. Kf3 Bxc5 42. bxc5 Nf6 43. Bg6 Nd7 44. Ke4 Kg7 45. f8=Q+ Kxf8 46. Kd4 Nf6 47. Bd3 Ke7 48. c6 bxc6 49. Bxa6 Kd6 50. Be2 c5+ 51. Kc4 Kc6 52. a4 Ne8 53. Bf3+ Kb6 54. a5+ Kxa5 55. Kxc5 1/2-1/2

[Event "NB2 Breyer csoport"]
[Site "Naszaly"]
[Date "2024.12.15"]
[Round "4.5"]
[White "Kazinczy, Jeno"]
[Black "Vancsisin, Mark"]
[Result "0-1"]
[WhiteElo "1880"]
[BlackElo "2005"]
[PlyCount "46"]
[GameId "2123683060392298"]
[EventDate "2024.11.03"]
[EventType "team-tourn"]
[EventRounds "9"]
[EventCountry "HUN"]
[Source "chess.hu"]
[WhiteTeam "Torokbalinti Sakk SE"]
[BlackTeam "Geniusz Tata-Naszaly"]
[WhiteTeamCountry "HUN"]
[BlackTeamCountry "HUN"]

1. e4 e5 2. d4 exd4 3. f4 d5 4. e5 c5 5. Nf3 Bf5 6. Bd3 Nh6 7. O-O Nc6 8. b3 Qb6 9. Kh1 O-O-O 10. a4 f6 11. Re1 Be7 12. Na3 fxe5 13. Nxe5 Nxe5 14. fxe5 Rhf8 15. Nb5 a6 16. a5 Qg6 17. Qe2 Bxd3 18. cxd3 axb5 19. e6 Ng4 20. a6 Nf2+ 21. Kg1 Nh3+ 22. Kh1 Rf2 23. gxh3 Qg2# 0-1

[Event "NB2 Breyer csoport"]
[Site "Naszaly"]
[Date "2024.12.15"]
[Round "4.6"]
[White "Sinoros-Szabo, Mate"]
[Black "Nagy, Botond"]
[Result "1-0"]
[WhiteElo "1975"]
[BlackElo "1833"]
[PlyCount "112"]
[GameId "2123683099136378"]
[EventDate "2024.11.03"]
[EventType "team-tourn"]
[EventRounds "9"]
[EventCountry "HUN"]
[Source "chess.hu"]
[WhiteTeam "Geniusz Tata-Naszaly"]
[BlackTeam "Torokbalinti Sakk SE"]
[WhiteTeamCountry "HUN"]
[BlackTeamCountry "HUN"]

1. e4 c5 2. Nf3 e6 3. d4 cxd4 4. Nxd4 a6 5. c4 Nf6 6. Nc3 Bb4 7. Qf3 Qc7 8. a3 Bc5 9. Nb3 Be7 10. Bf4 d6 11. Bd3 Nbd7 12. O-O O-O 13. Nd2 Ne5 14. Bxe5 dxe5 15. b4 Bd7 16. Nb3 Rac8 17. Rac1 Rfd8 18. c5 Qb8 19. h3 Qa7 20. Qg3 Qb8 21. Qe3 Be8 22. Na5 Rd4 23. Rfd1 Bc6 24. Nxc6 Rxc6 25. Na4 Rc8 26. Nb6 Rcd8 27. Bc2 Nh5 28. g3 h6 29. Rxd4 exd4 30. Qd3 Nf6 31. Kg2 Nd7 32. Nc4 Ne5 33. Nxe5 Qxe5 34. f4 Qc7 35. e5 g6 36. Bd1 Qd7 37. Bf3 Rc8 38. Rc4 Rd8 39. c6 bxc6 40. Rxc6 a5 41. b5 Rb8 42. a4 Qa7 43. Qc4 Bd8 44. Rd6 Bb6 45. Qc6 Bc5 46. Rd7 Qb6 47. Qxb6 Bxb6 48. Bc6 Kf8 49. Kf3 Bc5 50. Ke4 Bb6 51. Kd3 g5 52. f5 Kg8 53. fxe6 fxe6 54. Re7 Kf8 55. Rxe6 Kg7 56. Be4 Rc8 1-0

[Event "NB2 Breyer csoport"]
[Site "Naszaly"]
[Date "2024.12.15"]
[Round "4.7"]
[White "Nagy, Levente"]
[Black "Nagy, Ferenc"]
[Result "1/2-1/2"]
[WhiteElo "1811"]
[BlackElo "1921"]
[PlyCount "32"]
[GameId "2123683136323980"]
[EventDate "2024.11.03"]
[EventType "team-tourn"]
[EventRounds "9"]
[EventCountry "HUN"]
[Source "chess.hu"]
[WhiteTeam "Torokbalinti Sakk SE"]
[BlackTeam "Geniusz Tata-Naszaly"]
[WhiteTeamCountry "HUN"]
[BlackTeamCountry "HUN"]

1. e4 c6 2. d4 d5 3. Nc3 dxe4 4. Nxe4 Nf6 5. Nxf6+ exf6 6. Bc4 Bd6 7. Ne2 O-O 8. O-O Be6 9. Bxe6 fxe6 10. Nf4 Re8 11. Re1 e5 12. dxe5 Bxe5 13. Qxd8 Rxd8 14. Nd3 Bd6 15. Bf4 Bf8 16. Rad1 Na6 1/2-1/2

[Event "NB2 Breyer csoport"]
[Site "Naszaly"]
[Date "2024.12.15"]
[Round "4.8"]
[White "Bagdi, Timea"]
[Black "Bilibok, Csaba"]
[Result "1-0"]
[WhiteElo "1926"]
[BlackElo "1833"]
[PlyCount "73"]
[GameId "2123683170902428"]
[EventDate "2024.11.03"]
[EventType "team-tourn"]
[EventRounds "9"]
[EventCountry "HUN"]
[Source "chess.hu"]
[WhiteTeam "Geniusz Tata-Naszaly"]
[BlackTeam "Torokbalinti Sakk SE"]
[WhiteTeamCountry "HUN"]
[BlackTeamCountry "HUN"]

1. d4 Nf6 2. c4 d5 3. Nc3 e6 4. Nf3 Bb4 5. Bg5 Nc6 6. e3 h6 7. Bh4 Be7 8. Bd3 Bd7 9. a3 a6 10. Bxf6 Bxf6 11. cxd5 exd5 12. Nxd5 Bg4 13. Nxf6+ Qxf6 14. Be2 O-O 15. h3 Bh5 16. O-O Rad8 17. Rc1 Rfe8 18. Re1 Bg6 19. Qb3 Be4 20. Nd2 Bd5 21. Qc3 Qg6 22. Bf3 Bxf3 23. Nxf3 Rd5 24. b4 Rh5 25. Qc2 f5 26. Kf1 Qd6 27. Qc5 Qg6 28. d5 f4 29. Qc4 Re4 30. Qd3 Ne5 31. Nxe5 Rhxe5 32. Rxc7 Rxe3 33. Rxe3 Qd6 34. Rxe5 Qxe5 35. Qc3 Qg5 36. d6 f3 37. Qxg7+ 1-0

[Event "NB2 Breyer csoport"]
[Site "Naszaly"]
[Date "2024.12.15"]
[Round "4.9"]
[White "Palinkas, Tamas"]
[Black "Eros, Vivien"]
[Result "0-1"]
[WhiteElo "1812"]
[BlackElo "1865"]
[PlyCount "54"]
[GameId "2123683208368556"]
[EventDate "2024.11.03"]
[EventType "team-tourn"]
[EventRounds "9"]
[EventCountry "HUN"]
[Source "chess.hu"]
[WhiteTeam "Torokbalinti Sakk SE"]
[BlackTeam "Geniusz Tata-Naszaly"]
[WhiteTeamCountry "HUN"]
[BlackTeamCountry "HUN"]

1. d4 d5 2. c4 e6 3. e3 Nf6 4. a3 a5 5. Nf3 b6 6. Nc3 Bd6 7. Bd2 O-O 8. Rc1 Bb7 9. Nb5 c5 10. Nxd6 Qxd6 11. dxc5 bxc5 12. Bc3 Ne4 13. Be5 Qe7 14. Bd3 f5 15. Qc2 Nd7 16. Bg3 g5 17. Qb3 Ndf6 18. Be5 a4 19. Qb6 Ba6 20. Bxe4 Nxe4 21. cxd5 exd5 22. Qc7 Qxc7 23. Bxc7 Rac8 24. Ba5 f4 25. Ne5 fxe3 26. f3 Nf2 27. Rf1 Rfe8 0-1

[Event "NB2 Breyer csoport"]
[Site "Naszaly"]
[Date "2024.12.15"]
[Round "4.10"]
[White "Szobi, Geza"]
[Black "Lengyel, Sandor"]
[Result "0-1"]
[WhiteElo "1894"]
[BlackElo "1835"]
[PlyCount "146"]
[GameId "2123683243053500"]
[EventDate "2024.11.03"]
[EventType "team-tourn"]
[EventRounds "9"]
[EventCountry "HUN"]
[Source "chess.hu"]
[WhiteTeam "Geniusz Tata-Naszaly"]
[BlackTeam "Torokbalinti Sakk SE"]
[WhiteTeamCountry "HUN"]
[BlackTeamCountry "HUN"]

1. c4 Nf6 2. Nc3 g6 3. g3 d5 4. cxd5 Nxd5 5. Bg2 e6 6. Qb3 Nb6 7. d3 Bg7 8. h4 h5 9. Nf3 Nc6 10. Bg5 Bf6 11. Nb5 Bxg5 12. hxg5 a6 13. Qc3 Rg8 14. Nbd4 Nxd4 15. Qxd4 Qxd4 16. Nxd4 Ke7 17. Rc1 c6 18. Nb3 a5 19. Nc5 Nd7 20. Ne4 f5 21. gxf6+ Nxf6 22. Ng5 Bd7 23. Kd2 Ng4 24. f3 Nf6 25. f4 Rad8 26. Nf3 Ng4 27. Rhf1 Bc8 28. Bh3 Nf6 29. Ke1 Nd5 30. Ne5 Ne3 31. Rf3 Nf5 32. Rc5 Rd5 33. Rc4 Rb5 34. b3 Nd6 35. Rc3 g5 36. Re3 g4 37. Bg2 Nf5 38. Kf2 Nxe3 39. Kxe3 a4 40. bxa4 Rb2 41. a3 Bd7 42. a5 Ra8 43. Nc4 Rb1 44. Be4 Rg8 45. Ne5 h4 46. gxh4 g3 47. Bg2 Rg1 48. Kf3 Be8 49. Bh3 g2 50. Bxg2 R1xg2 51. Ke3 Bh5 52. a6 Rxe2+ 53. Kd4 bxa6 54. Rxc6 Rd8+ 55. Kc3 Rd6 56. Rc7+ Kf6 57. Rh7 Be8 58. Rh8 Bb5 59. h5 Kg7 60. Ra8 Rxe5 61. fxe5 Rxd3+ 62. Kb4 Rd5 63. a4 Be2 64. Kc3 Rxe5 65. Kd4 Rxh5 66. Ke3 Bf1 67. Kf2 Rf5+ 68. Ke3 Ra5 69. Ke4 Rxa4+ 70. Ke5 Bc4 71. Ra7+ Kg6 72. Ra8 Ra5+ 73. Kd4 Bd5 0-1

[Event "NB2 Breyer csoport"]
[Site "Naszaly"]
[Date "2024.12.15"]
[Round "4.11"]
[White "Kovacs, Andras"]
[Black "Kovacs, Balazs"]
[Result "0-1"]
[WhiteElo "1770"]
[BlackElo "1857"]
[PlyCount "88"]
[GameId "2123683278344652"]
[EventDate "2024.11.03"]
[EventType "team-tourn"]
[EventRounds "9"]
[EventCountry "HUN"]
[Source "chess.hu"]
[WhiteTeam "Torokbalinti Sakk SE"]
[BlackTeam "Geniusz Tata-Naszaly"]
[WhiteTeamCountry "HUN"]
[BlackTeamCountry "HUN"]

1. b3 Nf6 2. Bb2 g6 3. d4 Bg7 4. Nf3 d6 5. e3 O-O 6. Be2 c5 7. O-O cxd4 8. exd4 Qc7 9. c4 Nc6 10. Nc3 a6 11. Qd2 Bf5 12. d5 Nb8 13. Nd4 Bg4 14. f3 Bc8 15. Kh1 Nbd7 16. f4 Nc5 17. Bf3 Bg4 18. Rae1 Rae8 19. Re2 e5 20. fxe5 dxe5 21. Nc2 Bxf3 22. gxf3 e4 23. Ne1 exf3 24. Nxf3 Nfe4 25. Nxe4 Nxe4 26. Qc2 Bxb2 27. Rxe4 Rxe4 28. Qxe4 Qd7 29. Re1 Bc3 30. Re2 Bf6 31. Kg2 Qd6 32. Ne1 Bd8 33. Nd3 Bc7 34. Kg1 Bb6+ 35. Kf1 Qf6+ 36. Kg2 Qg5+ 37. Kf3 Qg1 38. d6 f5 39. Qe6+ Kg7 40. Qe5+ Kh6 41. Qg3 Qh1+ 42. Qg2 Qd1 43. Nf4 Re8 44. h4 Re3+ 0-1

[Event "NB2 Breyer csoport"]
[Site "Naszaly"]
[Date "2024.12.15"]
[Round "4.12"]
[White "Eros, Gyorgy"]
[Black "Barna, Tamas"]
[Result "1/2-1/2"]
[WhiteElo "1758"]
[BlackElo "1735"]
[PlyCount "31"]
[GameId "2123683312308710"]
[EventDate "2024.11.03"]
[EventType "team-tourn"]
[EventRounds "9"]
[EventCountry "HUN"]
[Source "chess.hu"]
[WhiteTeam "Geniusz Tata-Naszaly"]
[BlackTeam "Torokbalinti Sakk SE"]
[WhiteTeamCountry "HUN"]
[BlackTeamCountry "HUN"]

1. d4 d5 2. Nf3 Nf6 3. Bf4 e6 4. e3 c5 5. c3 Qb6 6. Qc2 Nbd7 7. Nbd2 Bd6 8. Bg3 O-O 9. Be2 Re8 10. Ne5 Qc7 11. f4 b6 12. O-O Bb7 13. Bf3 cxd4 14. exd4 b5 15. a3 a5 16. Rae1 1/2-1/2

[Event "NB2 Breyer csoport"]
[Site "Budapest"]
[Date "2024.12.15"]
[Round "4.1"]
[White "Farkas, Gyula"]
[Black "Kovacsy, Barnabas"]
[Result "0-1"]
[WhiteElo "2119"]
[BlackElo "2262"]
[PlyCount "116"]
[GameId "2123723833134150"]
[EventDate "2024.11.03"]
[EventType "team-tourn"]
[EventRounds "9"]
[EventCountry "HUN"]
[Source "chess.hu"]
[WhiteTeam "Tatabanyai SC"]
[BlackTeam "MTK Budapest II."]
[WhiteTeamCountry "HUN"]
[BlackTeamCountry "HUN"]

1. e4 c5 2. Nf3 e6 3. Nc3 Nc6 4. Bb5 Nd4 5. Nxd4 cxd4 6. Ne2 Qg5 7. Bd3 Qxg2 8. Ng3 Qh3 9. Bf1 Qh4 10. Bg2 Ne7 11. O-O Ng6 12. f4 Nxf4 13. Qf3 Bd6 14. d3 g5 15. Kh1 h5 16. c3 dxc3 17. bxc3 Rh7 18. e5 Bxe5 19. Qe4 Ng6 20. Qxh4 gxh4 21. Ne2 d5 22. Rb1 b6 23. d4 Bc7 24. c4 Ba6 25. cxd5 Bxe2 26. Re1 Bc4 27. Rb4 b5 28. d6 O-O-O 29. dxc7 Kxc7 30. a4 a6 31. Be3 Ne7 32. axb5 axb5 33. Bg5 h3 34. Be4 f5 35. Bf3 Rg8 36. Bf4+ Kd7 37. Ra1 Nc6 38. Ra6 Nxb4 39. Ra7+ Ke8 40. Rxh7 Bd5 41. Bxd5 Nxd5 42. Be5 f4 43. Rb7 f3 44. Rb8+ Kf7 45. Rxg8 Kxg8 46. Kg1 b4 47. Bd6 b3 48. Ba3 Nf4 49. Kf2 b2 50. Bxb2 Nd3+ 51. Kxf3 Nxb2 52. Ke4 Nd1 53. Ke5 Kf7 54. d5 exd5 55. Kxd5 Ne3+ 56. Ke4 Nf1 57. Kf3 Nxh2+ 58. Kg3 Ng4 0-1

[Event "NB2 Breyer csoport"]
[Site "Budapest"]
[Date "2024.12.15"]
[Round "4.2"]
[White "Fodor, Balazs"]
[Black "Joba, Arpad"]
[Result "1-0"]
[WhiteElo "2192"]
[BlackElo "2106"]
[PlyCount "86"]
[GameId "2123723872607326"]
[EventDate "2024.11.03"]
[EventType "team-tourn"]
[EventRounds "9"]
[EventCountry "HUN"]
[Source "chess.hu"]
[WhiteTeam "MTK Budapest II."]
[BlackTeam "Tatabanyai SC"]
[WhiteTeamCountry "HUN"]
[BlackTeamCountry "HUN"]

1. d4 Nf6 2. c4 g6 3. Nc3 Bg7 4. e4 d6 5. Be2 O-O 6. Be3 e5 7. d5 Nbd7 8. h4 Nc5 9. Qc2 a5 10. h5 c6 11. h6 Bh8 12. f3 cxd5 13. cxd5 Bd7 14. Nh3 Nh5 15. g4 Ng3 16. Rg1 Nxe2 17. Qxe2 a4 18. Rc1 Qa5 19. Kf2 Rfc8 20. Kg2 b5 21. Nb1 b4 22. Nf2 Bb5 23. Qd2 Ba6 24. g5 Qb5 25. Bxc5 Rxc5 26. Rxc5 dxc5 27. d6 Rd8 28. a3 Qe2 29. Qc1 Rxd6 30. Qxc5 Rd3 31. Kh2 Re3 32. Rg2 Qxf3 33. Qxb4 Bg7 34. hxg7 Kxg7 35. Kg1 Bd3 36. Nxd3 Rxd3 37. Nd2 Qd1+ 38. Nf1 Rf3 39. Qc4 Qe1 40. Qe2 Qxe2 41. Rxe2 f6 42. gxf6+ Rxf6 43. Ne3 h5 1-0

[Event "NB2 Breyer csoport"]
[Site "Budapest"]
[Date "2024.12.15"]
[Round "4.3"]
[White "Simonics, Peter"]
[Black "Geher, Koppany"]
[Result "1/2-1/2"]
[WhiteElo "2112"]
[BlackElo "2201"]
[PlyCount "73"]
[GameId "2123723908787310"]
[EventDate "2024.11.03"]
[EventType "team-tourn"]
[EventRounds "9"]
[EventCountry "HUN"]
[Source "chess.hu"]
[WhiteTeam "Tatabanyai SC"]
[BlackTeam "MTK Budapest II."]
[WhiteTeamCountry "HUN"]
[BlackTeamCountry "HUN"]

1. e4 c5 2. Nf3 e6 3. d4 cxd4 4. Nxd4 Nf6 5. Nc3 d6 6. g4 e5 7. Nf5 h5 8. Bg5 hxg4 9. Nd5 Bxf5 10. Bxf6 gxf6 11. exf5 Nc6 12. c3 Bh6 13. Qxg4 Bg5 14. h4 Ne7 15. hxg5 Rxh1 16. Nxf6+ Kf8 17. Qg2 Rh8 18. O-O-O Nxf5 19. Qf3 Nh4 20. Qxb7 Qc8 21. Qd5 Kg7 22. Bc4 Qc7 23. f4 Ng6 24. f5 Nf4 25. Qe4 Rab8 26. Bb3 Qb7 27. Nd5 Nxd5 28. Rxd5 Rh2 29. f6+ Kf8 30. g6 Qb6 31. Rd4 Qb5 32. Rxd6 Qf1+ 33. Rd1 Qxf6 34. gxf7 Qf2 35. Bc2 Qf4+ 36. Qxf4 exf4 37. Bb3 1/2-1/2

[Event "NB2 Breyer csoport"]
[Site "Budapest"]
[Date "2024.12.15"]
[Round "4.4"]
[White "Teglas, Balazs"]
[Black "Gaspar, David"]
[Result "1/2-1/2"]
[WhiteElo "2118"]
[BlackElo "2060"]
[PlyCount "28"]
[GameId "2123723978792062"]
[EventDate "2024.11.03"]
[EventType "team-tourn"]
[EventRounds "9"]
[EventCountry "HUN"]
[Source "chess.hu"]
[WhiteTeam "MTK Budapest II."]
[BlackTeam "Tatabanyai SC"]
[WhiteTeamCountry "HUN"]
[BlackTeamCountry "HUN"]

1. c4 e6 2. g3 d5 3. Bg2 Nf6 4. Nf3 d4 5. O-O c5 6. e3 Nc6 7. exd4 cxd4 8. d3 Bd6 9. Na3 O-O 10. Nc2 e5 11. b4 Nxb4 12. Nxb4 Bxb4 13. Nxe5 Re8 14. Bf4 Bd6 1/2-1/2

[Event "NB2 Breyer csoport"]
[Site "Budapest"]
[Date "2024.12.15"]
[Round "4.5"]
[White "Nemeti, Kornel"]
[Black "Toth, Lili"]
[Result "1/2-1/2"]
[WhiteElo "2132"]
[BlackElo "2011"]
[PlyCount "75"]
[GameId "2123724026559630"]
[EventDate "2024.11.03"]
[EventType "team-tourn"]
[EventRounds "9"]
[EventCountry "HUN"]
[Source "chess.hu"]
[WhiteTeam "Tatabanyai SC"]
[BlackTeam "MTK Budapest II."]
[WhiteTeamCountry "HUN"]
[BlackTeamCountry "HUN"]

1. d4 Nf6 2. Nf3 d5 3. Bf4 c5 4. e3 Nc6 5. c3 e6 6. Nbd2 Be7 7. Ne5 O-O 8. Bd3 c4 9. Bc2 Nxe5 10. Bxe5 Ne8 11. O-O Bd7 12. e4 Nf6 13. Bxf6 Bxf6 14. exd5 exd5 15. Qh5 g6 16. Qxd5 b5 17. Rfe1 Qc7 18. Qf3 Bg7 19. Be4 Rad8 20. Bd5 Be8 21. Be4 Bh6 22. Nf1 f5 23. Bd5+ Kh8 24. Be6 Bc6 25. d5 Ba8 26. Rad1 Qa5 27. Qh3 Bg7 28. Qe3 Qc7 29. Qg3 Qc5 30. h4 Bxd5 31. Bxd5 Rxd5 32. Qf3 Rxd1 33. Rxd1 b4 34. Ne3 bxc3 35. bxc3 Bxc3 36. Rc1 Be5 37. Rxc4 Qa5 38. Qd5 1/2-1/2

[Event "NB2 Breyer csoport"]
[Site "Budapest"]
[Date "2024.12.15"]
[Round "4.6"]
[White "Boros, Krisztian Levente"]
[Black "Sike, Tamas"]
[Result "1-0"]
[WhiteElo "2083"]
[BlackElo "2072"]
[PlyCount "107"]
[GameId "2123724091825310"]
[EventDate "2024.11.03"]
[EventType "team-tourn"]
[EventRounds "9"]
[EventCountry "HUN"]
[Source "chess.hu"]
[WhiteTeam "MTK Budapest II."]
[BlackTeam "Tatabanyai SC"]
[WhiteTeamCountry "HUN"]
[BlackTeamCountry "HUN"]

1. e4 g6 2. d4 Bg7 3. Nc3 d5 4. e5 f6 5. f4 Nh6 6. Nf3 O-O 7. Be2 c6 8. O-O b5 9. Bd2 a5 10. a3 Qb6 11. Be1 Ng4 12. Bf2 Bh6 13. g3 Nxf2 14. Rxf2 Bg4 15. Kg2 Nd7 16. h3 Bxf3+ 17. Bxf3 f5 18. Ne2 e6 19. c3 b4 20. Qa4 bxa3 21. Qxa3 Rfb8 22. Qe7 Nf8 23. Nc1 Ra7 24. Qd6 Rd8 25. Qa3 Nd7 26. Nd3 Bf8 27. Qa4 Qb5 28. Be2 Rb8 29. b4 Qxa4 30. Rxa4 Rba8 31. Rxa5 Rxa5 32. bxa5 Rxa5 33. Bf1 Ra3 34. Rc2 c5 35. dxc5 Bxc5 36. c4 dxc4 37. Rxc4 Ra2+ 38. Kf3 Ba7 39. Rc7 Nb6 40. Nb4 Ra3+ 41. Kg2 Nd5 42. Nxd5 exd5 43. Bb5 Ra2+ 44. Kf1 Ra5 45. Bc6 d4 46. e6 d3 47. g4 Ra1+ 48. Kg2 d2 49. e7 Rg1+ 50. Kh2 Re1 51. Bd5+ Kh8 52. Bb3 Re2+ 53. Kg3 g5 54. Rxa7 1-0

[Event "NB2 Breyer csoport"]
[Site "Budapest"]
[Date "2024.12.15"]
[Round "4.7"]
[White "Szekely, Csaba"]
[Black "Berta, Sandor"]
[Result "1/2-1/2"]
[WhiteElo "2072"]
[BlackElo "2080"]
[PlyCount "55"]
[GameId "2123724126063810"]
[EventDate "2024.11.03"]
[EventType "team-tourn"]
[EventRounds "9"]
[EventCountry "HUN"]
[Source "chess.hu"]
[WhiteTeam "Tatabanyai SC"]
[BlackTeam "MTK Budapest II."]
[WhiteTeamCountry "HUN"]
[BlackTeamCountry "HUN"]

1. Nf3 g6 2. g3 Bg7 3. d4 Nf6 4. c4 O-O 5. Nc3 d6 6. Bg2 c6 7. O-O Qa5 8. d5 cxd5 9. cxd5 Nbd7 10. h3 Nb6 11. e4 Bd7 12. Re1 Rfc8 13. Rb1 Nc4 14. Nd2 b5 15. b4 Qc7 16. Nxc4 Qxc4 17. Bd2 Qd4 18. Rb3 Be8 19. Qe2 a5 20. bxa5 Rxa5 21. Reb1 Qc4 22. Qe1 Nd7 23. Bf1 Qc5 24. Rxb5 Rxb5 25. Nxb5 Ne5 26. Kg2 Bxb5 27. Bxb5 Qa3 28. Be3 1/2-1/2

[Event "NB2 Breyer csoport"]
[Site "Budapest"]
[Date "2024.12.15"]
[Round "4.8"]
[White "Molnar, Jozsef"]
[Black "Utto, Ferenc"]
[Result "1-0"]
[WhiteElo "2033"]
[BlackElo "1929"]
[PlyCount "67"]
[GameId "2123724162301138"]
[EventDate "2024.11.03"]
[EventType "team-tourn"]
[EventRounds "9"]
[EventCountry "HUN"]
[Source "chess.hu"]
[WhiteTeam "MTK Budapest II."]
[BlackTeam "Tatabanyai SC"]
[WhiteTeamCountry "HUN"]
[BlackTeamCountry "HUN"]

1. e4 c5 2. Nf3 d6 3. Be2 Nf6 4. c3 Nc6 5. d4 Bg4 6. O-O e6 7. d5 exd5 8. exd5 Bxf3 9. Bxf3 Ne5 10. c4 Be7 11. Nc3 Nxf3+ 12. Qxf3 O-O 13. Bf4 Qd7 14. Rae1 Rfe8 15. h3 Bf8 16. g4 Rxe1 17. Rxe1 Re8 18. Rc1 Rd8 19. g5 Ne8 20. h4 a6 21. a4 Nc7 22. Kh2 b5 23. axb5 axb5 24. b3 bxc4 25. bxc4 Ra8 26. Ne4 Ne8 27. Rg1 Kh8 28. Bd2 Ra4 29. Qd3 Ra7 30. Rg3 Qf5 31. Kg2 Re7 32. Nxc5 Qxd3 33. Nxd3 Re4 34. Re3 1-0

[Event "NB2 Breyer csoport"]
[Site "Budapest"]
[Date "2024.12.15"]
[Round "4.9"]
[White "Laszlo, Balazs"]
[Black "Thierry, Edvard"]
[Result "1/2-1/2"]
[WhiteElo "1972"]
[BlackElo "1946"]
[PlyCount "112"]
[GameId "2123724196965602"]
[EventDate "2024.11.03"]
[EventType "team-tourn"]
[EventRounds "9"]
[EventCountry "HUN"]
[Source "chess.hu"]
[WhiteTeam "Tatabanyai SC"]
[BlackTeam "MTK Budapest II."]
[WhiteTeamCountry "HUN"]
[BlackTeamCountry "HUN"]

1. e4 c5 2. Nf3 e6 3. a4 Nc6 4. d4 cxd4 5. Nxd4 Nf6 6. Nc3 e5 7. Nb3 Bb4 8. Bc4 O-O 9. Bg5 h6 10. Bxf6 Bxc3+ 11. bxc3 Qxf6 12. O-O d6 13. Bd5 Qe7 14. Nd2 Qc7 15. Nc4 Rd8 16. a5 Be6 17. Nb6 Rab8 18. Qb1 Ne7 19. c4 Nc8 20. Nxc8 Rdxc8 21. Rc1 b5 22. axb6 Rxb6 23. Qa2 Bxd5 24. cxd5 Qc3 25. f3 Qd4+ 26. Kh1 Rc3 27. Rab1 Qd2 28. Qa1 Rxb1 29. Qxb1 Kh7 30. h3 a5 31. Rd1 Qe2 32. Re1 Qc4 33. Rc1 a4 34. Kh2 a3 35. Qa1 Kg6 36. Kh1 Kh5 37. Kh2 Kg6 38. Kh1 f5 39. exf5+ Kxf5 40. Kg1 Rxc2 41. Rxc2 Qxc2 42. Qxa3 Qd1+ 43. Kf2 Qxd5 44. g4+ Kg6 45. Qa6 Kh7 46. Qe2 Qd4+ 47. Kg2 d5 48. Qc2+ e4 49. fxe4 dxe4 50. Qc8 Qd2+ 51. Kf1 Qd1+ 52. Kf2 Qf3+ 53. Ke1 Qe3+ 54. Kd1 Qf2 55. Qe6 Qf4 56. Ke2 Qf3+ 1/2-1/2

[Event "NB2 Breyer csoport"]
[Site "Budapest"]
[Date "2024.12.15"]
[Round "4.10"]
[White "Szakolczai, Alex"]
[Black "Szanto, Levente"]
[Result "1-0"]
[WhiteElo "1934"]
[BlackElo "1930"]
[PlyCount "73"]
[GameId "2123724238626034"]
[EventDate "2024.11.03"]
[EventType "team-tourn"]
[EventRounds "9"]
[EventCountry "HUN"]
[Source "chess.hu"]
[WhiteTeam "MTK Budapest II."]
[BlackTeam "Tatabanyai SC"]
[WhiteTeamCountry "HUN"]
[BlackTeamCountry "HUN"]

1. d4 d5 2. c4 e6 3. Nc3 f5 4. Bf4 Bd6 5. Bxd6 Qxd6 6. e3 c6 7. Bd3 Nf6 8. Nge2 O-O 9. O-O Ng4 10. g3 Nd7 11. Qd2 Ndf6 12. f3 Nh6 13. Rac1 Bd7 14. e4 fxe4 15. fxe4 e5 16. exd5 Bh3 17. Rfd1 Nfg4 18. Ne4 Qg6 19. Qg5 Rf2 20. Qxg6 Rg2+ 21. Kh1 Rxh2+ 22. Kg1 Rg2+ 23. Kh1 hxg6 24. dxe5 Nf5 25. Rd2 Rf8 26. Rcd1 Nf2+ 27. Nxf2 Rxf2 28. Bxf5 R8xf5 29. Nf4 Rxd2 30. Rxd2 Bg4 31. d6 Rxe5 32. d7 Bxd7 33. Rxd7 g5 34. Nd3 Re3 35. Kg2 b5 36. cxb5 cxb5 37. Kf2 1-0